| 000 | 02222nam0a22003971 4500 | ||
|---|---|---|---|
| 001 | v19\rc\1289680 | ||
| 005 | 20250618023945.0 | ||
| 035 | _a(NLR Aleph) 004453714 | ||
| 090 |
_a4485333 _c4485333 |
||
| 100 | _a20060306d1855 |||y0rusy50 ca | ||
| 101 | 1 |
_arus _cfre |
|
| 102 | _aRU | ||
| 105 | _ay z ||||| | ||
| 200 | 1 |
_aО звании генерала, или О воспитании, образовании, познаниях и достоинствах, нужных главнокомандующим и прочим офицерам для командования армиями _eОсновано на правилах великих полководцев, ученых и знаменитых писателей древнего и настоящего времени _fСоч. Л. Дюра-Ласаль, авт. "Разбора военных законов и постановлений, существующих во Франции для армии и флота" _gПер. Г. Сведерус |
|
| 210 |
_aСанкт-Петербург _cтип. Штаба Отд. корпуса внутр. стражи _d1855 |
||
| 215 |
_a[8], 271 с. _d23 |
||
| 320 | _aБиблиогр.: "Перечень сочинениям по военной истории, инженерному искусству, артиллерии, математике и проч." (с. 249-266) | ||
| 517 | 0 | _aО воспитании, образовании, познаниях и достоинствах, нужных главнокомандующим и прочим офицерам для командования армиями | |
| 700 | 1 |
_9z01790 _aДюра-Ласаль _bЛ. _f-1856 _gЛуи |
|
| 702 | 1 |
_aСведерус _bГ. _4730 |
|
| 790 | 1 |
_9z01700 _aЛасаль _bЛ. _f-1856 _gЛуи |
|
| 801 | 0 |
_aRU _bNLR _gpsbo |
|
| 801 | 0 |
_aRU _bRuMoRGB _2psbo |
|
| 801 | 1 |
_aRU _bProSoft-M _2rusmarc |
|
| 852 |
_aNLR _j18.68.3.27 |
||
| 852 |
_aNLR _j133/2244 |
||
| 899 |
_aRuMoRGB _jA 237/645 |
||
| 899 |
_aRuMoRGB _jE 48/119 |
||
| 899 |
_aRuMoRGB _jT 113/99 |
||
| 899 |
_aRuMoRGB _jΔ 410/80 |
||
| 899 |
_aRuMoRGB _jΔ 60/47 |
||
| 899 | _aБАН | ||
| 899 | _aГПИБ | ||
| 899 | _aНБ МГУ | ||
| 942 | _cBOOK | ||
| 980 | _aNB | ||